000 00684cam a22002053a 4500
001 41785
003 PGUSA
005 20140828083937.0
008 130105s2013||||xxu|||||s|||||000 | eng d
040 _aPGUSA
_beng
042 _adc
100 1 _aBayley, Harold
245 1 0 _aArchaic England :
_bAn Essay in Deciphering Prehistory from Megalithic Monuments, Earthworks, Customs, Coins, Place-names, and Faerie Superstitions
_h[electronic resource] /
_cHarold Bayley
260 _bProject Gutenberg,
_c2013
506 _aPublic domain in the USA.
516 _aElectronic text
830 0 _aProject Gutenberg
_v41785
856 4 0 _uhttp://www.gutenberg.org/ebooks/41785
942 _cEB
999 _c271037
_d271037